00775nam a22002177a 450000500170000001000160001702000260003303500140005903700090007308200060008210000290008824500710011725000060018826000570019427000580025130000220030965000300033194200200036199900190038195201570040020241213112854.0 aENG-1422989 a9788197775772c150.00 aEN-126521 bDBAD aS aCaravella, Miriam975126 aStories From the Heart/cBy Miriam Caravella [and] Wayne Caravella a1 aNew DelhibScience of the Soul Research Centerc2024 b New Delhie110005a5 Guru Ravi Dass Marg, Pusa Road, a215p. c21cm.(Pb) aVegetarian cookery975127 2ddccENmCARhS c207669d207669 001040708FICaAVbAVd2024-12-13eDelivery of Books Divisiong150.00l1oCAR SpEN-126521r2025-04-29 00:00:00s2025-04-12t1v150.00w2024-12-13yEN